Normal view
MARC view
- BIJU A. GEORGE
Entry Personal Name
001 - CONTROL NUMBER
- control field: 3939
003 - CONTROL NUMBER IDENTIFIER
- control field: OSt
005 - DATE AND TIME OF LATEST TRANSACTION
- control field: 20181116111948.0
008 - FIXED-LENGTH DATA ELEMENTS
- fixed length control field: 181116|| aca||aabn | a|a d
040 ## - CATALOGING SOURCE
- Original cataloging agency: OSt
- Transcribing agency: OSt
100 ## - HEADING--PERSONAL NAME
- Personal name: BIJU A. GEORGE
670 ## - SOURCE DATA FOUND
- Source citation: Work cat.: (OSt)15266: BIJU A. GEORGE, Clogging susceptibility study of drip emitters
